Statistics for Trivia about India

Click here to take the quiz!

General Stats

  • This quiz has been taken 27 times
    (26 since last reset)
  • The average score is 6 of 15

Answer Stats

QuestionAnswer% Correct
The number of people traveling on Indian trains daily is equal to Population ofAustralia
87%
Which city of India is one of the oldest inhabited places in the world (supposed to be 5000 year old)Varanasi
83%
With which of these countries, India does not share Maritime borderChina
70%
Two languages of India are among top 7 spoken Languages in the world. they are :Hindi and Bengali
70%
Which of this games was invented in India?Chess
65%
India's is one of the biggest aviation markets in the world, its rank as per year 2019 is?Third
61%
India is seventh largest country in the world by size, its land area is ?3.3 mn km square
43%
With which of these countries, India has longest land border?Bangladesh
35%
which of these famous personalities was not born in IndiaFreddi Mercury (Farrokh Bulsara)
26%
This Empire from India was one of the world's biggest and stretched 5 mn sq km at its peak (included present day India, Afghanistan, Pakistan, Nepal & Bangladesh)Maurya
26%
This village in India is wettest place on the EarthMawsynram, Meghalaya
26%
India gave Universal Adult suffrage (Equal voting right to every Adult citizen irrespective of Gender/Wealth/Ethnicity/Literacy) in 1950, ahead of many modern democracies. Which of these countries adopted Universal Suffrage before India?France
22%
Which of these was not key Jewish community in IndiaHyderabad Jews
17%
India is world's largest producer ofMilk
9%
India has largest adherents of these 2 faiths in the world.Zoroastrianism and Bahai
9%

Score Distribution

Percentile by Number Answered

Percent of People with Each Score

Your Score History

You have not taken this quiz since the last reset